000 00309 a2200157 4500
001 193165
020 _a978-85-7160-359-2
040 _cMagnum
100 _aNery, Eliene
240 1 0 _aMatilde
_lpor
245 1 0 _aMatilde
300 _a16
362 0 _a2009
697 _aLITERATURA INFANTO
942 _cBK
999 _c193165
_d193165